Statistics for 2014-15 Premier League Top 30 Scorers

Click here to take the quiz!

General Stats

  • This quiz has been taken 723 times
    (720 since last reset)
  • The average score is 13 of 30

Answer Stats

GoalsName% Correct
26Sergio Aguero
95%
21Harry Kane
90%
12Wayne Rooney
89%
20Diego Costa
80%
14Eden Hazard
79%
16Alexis Sanchez
67%
14Olivier Giroud
67%
10Robin van Persie
63%
10Romelu Lukaku
63%
9Steven Gerrard
55%
12David Silva
54%
10Yaya Toure
51%
13Christian Benteke
50%
18Charlie Austin
44%
9Juan Mata
37%
10Christian Eriksen
35%
11Wilfried Bony
34%
11Danny Ings
31%
12Graziana Pelle
30%
8Peter Crouch
30%
10Sadio Mane
29%
11Papiss Demba Cisse
27%
14Saido Berahino
22%
11Leonardo Ulloa
15%
10Diafra Sakho
14%
11Mame Diouf
12%
8Jonathan Walters
11%
11Nacer Chadli
10%
8Nikica Jelavic
7%
8Ki Sung-Yeung
1%

Score Distribution

Percentile by Number Answered

Percent of People with Each Score

Your Score History

You have not taken this quiz since the last reset